Normal view
MARC view
Entry Topical Term
001 - CONTROL NUMBER
- control field: 14146
003 - CONTROL NUMBER IDENTIFIER
- control field: BD-RjUL
005 - DATE AND TIME OF LATEST TRANSACTION
- control field: 20241106163358.0
008 - FIXED-LENGTH DATA ELEMENTS
- fixed length control field: 241106|| aca||aabn | a|a d
040 ## - CATALOGING SOURCE
- Original cataloging agency: BD-RjUL
- Transcribing agency: BD-RjUL
150 ## - HEADING--TOPICAL TERM
- Topical term or geographic name entry element: Bengali poetry
- Form subdivision: History and Criticism
- General subdivision: 1947-1971
670 ## - SOURCE DATA FOUND
- Source citation: Work cat.: (BD-RjUL)84253: Khan, Md. Rakibul Hasan 14145, Colonisation, Oppression and Resistance:, 2018